Sudden Death #2 (Video Games) - Statistics

General Stats
  • This quiz has been taken 14 times
  • The average score is 3 of 6
Answers on the Grid
Answers color-coded by a green-red scale on the quiz's grid according to % correct below.
Knights of the Old Republic
Tears of the Kingdom
Breath of The Wild
Death Stranding 2: On the Beach
Ghost Of Yotei
Pokemon Pokopia
Donkey Kong Bananza
Super Mario Galaxy
Super Mario Bros. Wonder
Borderlands 4
Battlefield 6
Jurassic World Evolution
Jedi: Fallen Order
Super Mario Maker 2
Half Life
Stray
Outer Wilds
Among Us
Super Mario Odyssey
Batman: Arkham Asylum
Helldivers 2
Hogwarts Legacy
Jetpunk
Spider Man 2
Animal Crossing: New Horizons
Red Dead Redemption 2
Minecraft
Minecraft Dungeons
Mario Kart World
Battlefield: 2042
 
Answer Stats
Answer % Correct
Knights of the Old Republic
85%
Super Mario Galaxy
62%
Batman: Arkham Asylum
46%
Minecraft
46%
Half Life
38%
Jetpunk
31%
No matching quizzes found
Score Distribution
Percent of People with Each Score
Percentile by Number Answered
Your Score History
You have not taken this quiz